Labor law in China: progress and challenges

Збережено в:
Бібліографічні деталі
Автор: Xie, Zengyi (Автор)
Формат: Книга
Мова:Англійська
Опубліковано: Heidelberg Springer 2015
Редагування:1a. ed
Серія:Research Series on the Chinese Dream and China`s Development Path
Предмети:
Теги: Додати тег
Немає тегів, Будьте першим, хто поставить тег для цього запису!

MARC

LEADER 00000cam a2200000 a 4500
001 UCC6441
003 CL-VaPUC
008 181207e20150000gw |||||||||||||||||eng|d
020 |a 9783662515860 
082 0 4 |a 344.5101  |b XIE  |2 21 
100 0 |a Xie, Zengyi  |e author  |9 600901 
245 1 0 |a Labor law in China: progress and challenges 
250 |a 1a. ed 
300 |a 151 p 
942 |c BK 
945 |d 20181207 13:37:00  |a dcastane 
260 |a Heidelberg  |b Springer  |c 2015 
650 7 |a DERECHO LABORAL  |2 CL-VaPUC  |9 15 
650 7 |a DERECHO CHINO  |2 CL-VaPUC  |9 400975 
650 0 |a Legislación laboral  |9 320826 
583 |a last modification  |c 20181207 13:37:00  |k Rodrigo Vera 
490 0 |a Research Series on the Chinese Dream and China`s Development Path 
999 |c 373389  |d 373387 
952 |0 0  |1 0  |3 erb  |4 0  |6 344_510100000000000_XIE_2015  |7 0  |8 A  |9 491490  |a BIBDER  |b BIBDER  |i 5522110  |l 1  |m 1  |o 344.5101 XIE 2015  |p 5522110  |r 2023-01-25  |s 2021-09-03  |w 2019-11-24  |y BK  |z Catalogado en:20181207  |k DER